A Global Meat Tax: From Big Data to a Double Dividend
Celosvetová daň z mäsa ako prostriedok na dosiahnutie práva každého na prístup k bezpečným, výživným a bezpečným potravinám ako deklaruje organizácia OSN pre výživu a poľnohospodárstvo (FAO - The Food and Agriculture Organization of the United Nations) v Rímskej deklarácii. Zvýšenie daňových príjmov...
Na minha lista:
| Autor principal: | |
|---|---|
| Outros Autores: | , |
| Formato: | Capítulo de Livro |
| Idioma: | inglês |
| Assuntos: | |
| Tags: |
Sem tags, seja o primeiro a adicionar uma tag!
|
MARC
| LEADER | 00000naa a2200000 4500 | ||
|---|---|---|---|
| 001 | 0246863 | ||
| 005 | 20180808101326.1 | ||
| 041 | 0 | |a eng | |
| 044 | |a CZ | ||
| 245 | 1 | 0 | |a A Global Meat Tax: From Big Data to a Double Dividend |c Jarka Chloupková, Gert Tinggaard Svendsen, Tomas Zdechovsky |
| 520 | |a Celosvetová daň z mäsa ako prostriedok na dosiahnutie práva každého na prístup k bezpečným, výživným a bezpečným potravinám ako deklaruje organizácia OSN pre výživu a poľnohospodárstvo (FAO - The Food and Agriculture Organization of the United Nations) v Rímskej deklarácii. Zvýšenie daňových príjmov v EÚ. | ||
| 610 | 2 | 0 | |a dane poľnohospodárske |
| 610 | 2 | 0 | |a dane globálne |
| 610 | 2 | 0 | |a dane ekologické |
| 610 | 2 | 0 | |a mäso |
| 610 | 2 | 0 | |a prostredie životné |
| 610 | 2 | 0 | |a Európska únia |
| 610 | 2 | 0 | |a Európsky ekonomický priestor |
| 610 | 2 | 0 | |a chudoba |
| 610 | 2 | 0 | |a spotreba |
| 610 | 2 | 0 | |a príjmy |
| 100 | 1 | |a Chloupková, Jarka | |
| 700 | 1 | |a Svendsen, Gert Tinggaard | |
| 700 | 1 | |a Zdechovsky, Tomas | |